000 00439 a2200157 4500
999 _c1510
_d1510
020 _a9781133584704
050 _aHD 30.28 JON 2013
100 _aJones, Gareth R.
245 _aTheory of strategic management /
_cGareth R Jones and Charles W L Hill
250 _a10 th ed.
264 _aAustralia
_bCengage
_c2013
300 _axxiii,495p.
500 _aincludes index
650 _astrategic management
942 _2lcc
_cBK
_h30.28
_iJON
_kHD